[Event "OGD Prinsenstad-toernooi - A groep"]
[Site "Delft"]
[Date "2012.04.07"]
[Round "4.9"]
[White "Vrancken, Gilbert"]
[Black "Hoeksema, Erik"]
[Result "1/2-1/2"]
[WhiteElo "2191"]
[BlackElo "2356"]
[PlyCount "88"]
[EventDate "2012.04.06"]
[EventType "swiss"]
[EventRounds "6"]
[EventCountry "NED"]
[Source "DSC"]
[SourceDate "2012.04.06"]

1. e4 c5 2. Nf3 d6 3. d4 cxd4 4. Nxd4 Nf6 5. Nc3 Nc6 6. Bc4 e6 7. O-O a6 8. Be3
Na5 9. Bd3 Qc7 10. Qe2 b5 11. Rad1 Bb7 12. f3 Be7 13. Qf2 Nd7 14. f4 Nc4 15.
Bc1 O-O 16. g4 Rae8 17. g5 Bd8 18. b3 Ncb6 19. Bb2 b4 20. Nce2 Nc5 21. Ng3 f6
22. gxf6 Bxf6 23. Qd2 e5 24. Ndf5 a5 25. Bb5 Rd8 26. Qe2 exf4 27. Bxf6 Rxf6 28.
Rxf4 Ne6 29. Rg4 Qc5+ 30. Qf2 Qxf2+ 31. Kxf2 g6 32. Ke3 Nc7 33. Nh5 Rff8 34.
Rdg1 Kh8 35. Rxg6 hxg6 36. Rxg6 Rf7 37. Nxd6 Rxd6 38. Rxd6 Nxb5 39. Rxb6 Nc3
40. Rh6+ Kg8 41. e5 Nd5+ 42. Kd4 Rc7 43. Rd6 Ne7 44. Kd3 Kf7 1/2-1/2

[Event "OGD Prinsenstad-toernooi - A groep"]
[Site "Delft"]
[Date "2012.04.07"]
[Round "4.10"]
[White "Zepeda, Lorena"]
[Black "Schröer, Marcel"]
[Result "1/2-1/2"]
[WhiteElo "2184"]
[BlackElo "2088"]
[PlyCount "43"]
[EventDate "2012.04.06"]
[EventType "swiss"]
[EventRounds "6"]
[EventCountry "NED"]
[Source "DSC"]
[SourceDate "2012.04.06"]

1. e4 c6 2. d4 d5 3. e5 Bf5 4. Nd2 e6 5. Nb3 Nd7 6. Be3 f6 7. exf6 Ngxf6 8. Nf3
Bd6 9. Be2 O-O 10. O-O Qe7 11. Re1 Rae8 12. Bg5 Qf7 13. Nbd2 Qg6 14. c3 Ne4 15.
Bh4 Bf4 16. Bg3 Bxd2 17. Nxd2 Nxg3 18. fxg3 Qh6 19. Nf3 Nf6 20. Qc1 Qxc1 21.
Raxc1 Bg4 22. Ne5 1/2-1/2

[Event "OGD Prinsenstad-toernooi - A groep"]
[Site "Delft"]
[Date "2012.04.08"]
[Round "5"]
[White "Thakoerdien, Jerrel"]
[Black "Van Liempt, Michaël"]
[Result "1-0"]
[WhiteElo "2115"]
[BlackElo "2025"]
[Annotator "Prinsenstad-toernooi"]
[PlyCount "81"]
[EventDate "2012.04.06"]
[EventType "swiss"]
[EventRounds "6"]
[EventCountry "NED"]
[Source "DSC"]
[SourceDate "2012.04.06"]

1. d4 Nf6 2. Nf3 e6 3. c4 Bb4+ 4. Nbd2 O-O 5. a3 Bxd2+ 6. Bxd2 d6 7. Bg5 Qe7 8.
e3 e5 9. Be2 h6 10. Bh4 Bf5 11. O-O Nbd7 12. b4 g5 13. Bg3 Ne4 14. Rc1 Rae8 15.
c5 Nxg3 16. hxg3 Nf6 17. Qa4 Bd7 18. cxd6 cxd6 19. Bb5 Bxb5 20. Qxb5 e4 21. Nd2
Rc8 {met remise aanbod} 22. Nb3 Qd7 23. Qxd7 Nxd7 24. Na5 b6 25. Nc6 Ra8 26.
Ne7+ Kh7 27. Rc6 Rfe8 28. Nf5 Re6 29. Rxd6 Nf6 30. Rc1 Kg6 31. Rxe6 fxe6 32.
Ne7+ Kf7 33. Nc6 Nd5 34. Kf1 a6 35. Ke2 Kg7 36. Ne5 Re8 37. f3 Kf6 38. fxe4 Ne7
39. Rf1+ Kg7 40. Rf7+ Kg8 41. Rf6 1-0

[Event "OGD Prinsenstad-toernooi - A groep"]
[Site "Delft"]
[Date "2012.04.08"]
[Round "5.1"]
[White "Ivanov, Jordan"]
[Black "Kasparov, Sergey"]
[Result "1-0"]
[WhiteElo "2404"]
[BlackElo "2493"]
[PlyCount "51"]
[EventDate "2012.04.06"]
[EventType "swiss"]
[EventRounds "6"]
[EventCountry "NED"]
[Source "DSC"]
[SourceDate "2012.04.06"]

1. d4 c5 2. d5 f5 3. Nc3 d6 4. e4 Nf6 5. Bb5+ Bd7 6. exf5 Bxb5 7. Nxb5 Qd7 8.
c4 a6 9. Qa4 Nxd5 10. Nf3 Kf7 11. Ng5+ Kg8 12. cxd5 Qxb5 13. Qc2 Nd7 14. a4
Qb4+ 15. Bd2 Qd4 16. O-O Qxd5 17. Rad1 Nf6 18. Bc3 Qa2 19. Rfe1 b5 20. Ra1 Qc4
21. axb5 Qxb5 22. Bxf6 gxf6 23. Ne6 Rb8 24. Qe4 Kf7 25. Qg4 Qb4 26. Re4 (26.
Re4 Qxb2 (26... Qxe4 27. Qxe4 $18) 27. Qh5+ Kg8 28. Rg4+ Bg7 29. Rxg7#) 1-0

[Event "OGD Prinsenstad-toernooi - A groep"]
[Site "Delft"]
[Date "2012.04.08"]
[Round "5.2"]
[White "Hovhanisian, Mher"]
[Black "Andersson, Ulf"]
[Result "0-1"]
[WhiteElo "2489"]
[BlackElo "2579"]
[PlyCount "72"]
[EventDate "2012.04.06"]
[EventType "swiss"]
[EventRounds "6"]
[EventCountry "NED"]
[Source "DSC"]
[SourceDate "2012.04.06"]

1. Nf3 Nf6 2. c4 c5 3. e3 g6 4. Nc3 Bg7 5. d4 cxd4 6. exd4 d5 7. h3 O-O 8. Be2
Nc6 9. O-O Bf5 10. a3 dxc4 11. Bxc4 Rc8 12. Re1 a6 13. Ba2 b5 14. d5 Na5 15.
Nd4 Bd7 16. Qe2 Nc4 17. Bxc4 Rxc4 18. Nf3 Rxc3 19. bxc3 Nxd5 20. Bd2 Nxc3 21.
Qxe7 Qxe7 22. Rxe7 Ne2+ 23. Kf1 Bxa1 24. Rxd7 Nc3 25. Bh6 Re8 26. Ng5 Bb2 27.
Nxf7 Bxa3 28. Bd2 Re7 29. Nh6+ Kg7 30. Rd8 Ne4 31. Rg8+ Kf6 32. Bf4 Ke6 33. Ng4
Bd6 34. Be3 b4 35. Ra8 b3 36. Bd4 Kd5 0-1

[Event "OGD Prinsenstad-toernooi - A groep"]
[Site "Delft"]
[Date "2012.04.08"]
[Round "5.3"]
[White "Van den Doel, Erik"]
[Black "Kranenburg, Leo"]
[Result "1-0"]
[WhiteElo "2569"]
[BlackElo "2132"]
[PlyCount "81"]
[EventDate "2012.04.06"]
[EventType "swiss"]
[EventRounds "6"]
[EventCountry "NED"]
[Source "DSC"]
[SourceDate "2012.04.06"]

1. e4 Nf6 2. e5 Nd5 3. d4 d6 4. Nf3 dxe5 5. Nxe5 c6 6. Be2 Bf5 7. O-O Nd7 8.
Bg4 Bxg4 9. Qxg4 Nxe5 10. dxe5 Qd7 11. Qf3 Rd8 12. Rd1 Qe6 13. Qb3 Rd7 14. c4
Nb6 15. Rxd7 Kxd7 16. c5 Qxb3 17. axb3 Nc8 18. Nd2 g6 19. Nf3 h6 20. Be3 e6 21.
Nd2 Be7 22. Nc4 a6 23. Rd1+ Kc7 24. Nd6 f5 25. exf6 Bxf6 26. Nf7 Re8 27. Bf4+
e5 28. Bxh6 Ne7 29. Rd6 Nd5 30. Bg5 Bxg5 31. Nxg5 e4 32. Rxg6 e3 33. Rg7+ Kc8
34. fxe3 Rxe3 35. h4 Nf4 36. Rf7 Nh5 37. Rf3 Re2 38. g4 Ng7 39. h5 Re5 40. Rf8+
Ne8 41. Nf7 1-0

[Event "OGD Prinsenstad-toernooi - A groep"]
[Site "Delft"]
[Date "2012.04.08"]
[Round "5.4"]
[White "De Wit, Michel"]
[Black "Haslinger, Stewart"]
[Result "0-1"]
[WhiteElo "2303"]
[BlackElo "2533"]
[PlyCount "98"]
[EventDate "2012.04.06"]
[EventType "swiss"]
[EventRounds "6"]
[EventCountry "NED"]
[Source "DSC"]
[SourceDate "2012.04.06"]

1. e4 d6 2. d4 Nf6 3. Nc3 e5 4. Nf3 Nbd7 5. Bc4 Be7 6. O-O O-O 7. a4 c6 8. Re1
h6 9. h3 Re8 10. b3 Qc7 11. Bb2 Nf8 12. Qe2 Ng6 13. Qf1 Bf8 14. g3 Bd7 15. a5
b5 16. axb6 axb6 17. Rxa8 Rxa8 18. Kh2 b5 19. Bd3 exd4 20. Nxd4 b4 21. Nd1 Re8
22. f4 Bc8 23. Nf2 Nd7 24. Be2 c5 25. Nf5 Nb6 26. Ne3 {Met remiseaanbod.} Bb7
27. Bf3 Rc8 28. Nc4 Ra8 29. Ng4 Nxc4 30. Qxc4 Ra2 31. Rb1 Ne7 32. Qf1 d5 33.
exd5 Nxd5 34. Ne5 Nc3 35. Bxc3 Rxc2+ 36. Be2 Ba6 (36... bxc3 $19) 37. Nc4 Rxc3
38. Rb2 g6 39. Qd1 Bg7 40. Rd2 Bd4 41. Bd3 Bb7 42. Re2 Kg7 43. Re1 Qd8 (43...
Bf2) 44. Be4 Bxe4 45. Rxe4 Qd5 (45... Bg1+ $3 46. Qxg1 Rc2+ 47. Kh1 Qd3 $1 48.
Re3 Qd5+ 49. Re4 Qxe4+ 50. Qg2 Qxg2#) 46. Qb1 Bf6 47. Re1 Qf3 48. Rg1 Rxb3 49.
Qa2 Qc3 0-1

[Event "OGD Prinsenstad-toernooi - A groep"]
[Site "Delft"]
[Date "2012.04.08"]
[Round "5.5"]
[White "Reinderman, Dimitri"]
[Black "Hoeksema, Erik"]
[Result "1-0"]
[WhiteElo "2595"]
[BlackElo "2356"]
[PlyCount "43"]
[EventDate "2012.04.06"]
[EventType "swiss"]
[EventRounds "6"]
[EventCountry "NED"]
[Source "DSC"]
[SourceDate "2012.04.06"]

1. c4 e6 2. g3 Nf6 3. Bg2 d5 4. Nf3 Be7 5. O-O O-O 6. b3 c5 7. Bb2 Nc6 8. e3 b6
9. Nc3 Bb7 10. cxd5 Nxd5 11. Nxd5 Qxd5 12. d4 Rad8 13. Ne5 Qd6 14. dxc5 Qxc5
15. Nd7 Qg5 16. h4 Qh6 17. Rc1 Na5 18. Rc7 Bxg2 19. Kxg2 Rfe8 20. Qf3 Bd6 21.
Rxa7 Re7 22. Rd1 1-0

[Event "OGD Prinsenstad-toernooi - A groep"]
[Site "Delft"]
[Date "2012.04.08"]
[Round "5.6"]
[White "Van Oosterom, Chiel"]
[Black "Meng, Roger"]
[Result "0-1"]
[WhiteElo "2348"]
[BlackElo "2333"]
[Annotator "Prinsenstad-toernooi"]
[PlyCount "52"]
[EventDate "2012.04.06"]
[EventType "swiss"]
[EventRounds "6"]
[EventCountry "NED"]
[Source "DSC"]
[SourceDate "2012.04.06"]

1. e4 d6 2. d4 Nf6 3. Nc3 Nbd7 4. g4 h6 5. Nf3 e5 6. g5 hxg5 7. Bxg5 c6 8. Qd2
Be7 9. O-O-O Qc7 10. Rg1 g6 11. dxe5 dxe5 12. Bc4 Nc5 13. Bxf6 Bxf6 14. Ng5
Bxg5 15. Qxg5 Be6 16. Qf6 Rh5 17. Qg7 Qe7 18. Be2 Rh4 19. Qxe5 Nd7 20. Qc7 Nc5
21. Qe5 Nd7 22. Qd4 Qc5 23. Rg2 Qxd4 24. Rxd4 Ke7 25. Rd1 Rah8 26. Rf1 $4 (26.
Kd2 Rxh2 27. Rxh2 Rxh2) 26... Bh3 {En opgegeven.} 0-1

[Event "OGD Prinsenstad-toernooi - A groep"]
[Site "Delft"]
[Date "2012.04.08"]
[Round "5.9"]
[White "Haver, Bas"]
[Black "Goes, Sten"]
[Result "0-1"]
[WhiteElo "1952"]
[BlackElo "2206"]
[Annotator "Prinsenstad-toernooi"]
[PlyCount "64"]
[EventDate "2012.04.06"]
[EventType "swiss"]
[EventRounds "6"]
[EventCountry "NED"]
[Source "DSC"]
[SourceDate "2012.04.06"]

1. e4 c5 2. Nf3 d6 3. d4 cxd4 4. Nxd4 Nf6 5. Nc3 a6 6. Bg5 e6 7. f4 Nbd7 8. Qf3
Qc7 9. O-O-O b5 10. f5 Ne5 11. Qe2 b4 12. Nb1 Be7 13. Nd2 a5 14. fxe6 fxe6 15.
Bxf6 Bxf6 16. Nb5 Qc6 17. Nc4 $4 O-O (17... Qxb5 18. Nxd6+) 18. Nbxd6 Ba6 19.
Nxe5 Bxe5 20. Nc4 {Met remiseaanbod.} Qc5 $1 (20... Rad8 $1 {
Wint op gelijksoortige wijze.} 21. Re1 (21. Rxd8 Rxd8 $19) (21. b3 Bxc4 22.
Qxc4 Bf4+ 23. Rd2 Bxd2+ 24. Kb1 $19) 21... Rxf1 $1 22. Rhxf1 Bxc4 $19) 21. b3
a4 22. Qg4 Bxc4 23. Bxc4 Qe3+ 24. Rd2 Qc3 25. Rd3 Qa1+ 26. Kd2 Bc3+ 27. Ke2
Qxh1 28. Bxe6+ Kh8 29. Rh3 Qf1+ 30. Ke3 Qf2+ 31. Kd3 Qd4+ 32. Ke2 Qd2# 0-1

[Event "OGD Prinsenstad-toernooi - A groep"]
[Site "Delft"]
[Date "2012.04.08"]
[Round "5.14"]
[White "De Hoogt, Ivar"]
[Black "Zepeda, Lorena"]
[Result "1/2-1/2"]
[WhiteElo "1922"]
[BlackElo "2184"]
[PlyCount "51"]
[EventDate "2012.04.06"]
[EventType "swiss"]
[EventRounds "6"]
[EventCountry "NED"]
[Source "DSC"]
[SourceDate "2012.04.06"]

1. e4 c5 2. Nc3 d6 3. f4 g6 4. Nf3 Bg7 5. Be2 Nc6 6. O-O Nf6 7. d3 O-O 8. Qe1
a6 9. Kh1 b5 10. Bd1 b4 11. Ne2 Bb7 12. Qh4 c4 13. Ng5 cxd3 14. cxd3 h6 15. Nh3
e6 16. Bb3 Na5 17. Ba4 Nd7 18. Qxd8 Rfxd8 19. Nf2 Nc5 20. Bd1 f5 21. Bd2 fxe4
22. Bxb4 exd3 23. Bxa5 dxe2 24. Bxe2 Rf8 25. Nd3 Ne4 26. Bf3 1/2-1/2

[Event "OGD Prinsenstad-toernooi - A groep"]
[Site "Delft"]
[Date "2012.04.08"]
[Round "6.2"]
[White "Haslinger, Stewart"]
[Black "Van den Doel, Erik"]
[Result "1/2-1/2"]
[WhiteElo "2533"]
[BlackElo "2569"]
[PlyCount "128"]
[EventDate "2012.04.06"]
[EventType "swiss"]
[EventRounds "6"]
[EventCountry "NED"]
[Source "DSC"]
[SourceDate "2012.04.06"]

1. e4 e5 2. Nf3 Nc6 3. d4 exd4 4. Nxd4 Nf6 5. Nxc6 bxc6 6. e5 Qe7 7. Qe2 Nd5 8.
c4 Nb6 9. Nc3 Qe6 10. Qe4 Ba6 11. b3 O-O-O 12. Bb2 Bb7 13. O-O-O Re8 14. f4 d5
15. cxd5 cxd5 16. Qc2 Kb8 17. Kb1 g6 18. Bd3 c5 19. Rhe1 f5 20. exf6 Qxe1 21.
f7 d4 22. fxe8=Q+ Qxe8 23. Ne4 Nd5 24. Nxc5 Nb4 25. Qc4 Bxc5 26. Qxc5 Nxd3 27.
Rxd3 Qe1+ 28. Qc1 Qe4 29. Qc4 Qxg2 30. Qxd4 Re8 31. Rd1 Qxh2 32. Qd6+ Ka8 33.
Rc1 h5 34. Bd4 Qd2 35. Qc5 Qd3+ 36. Ka1 Qa6 37. Qg5 Qd6 38. Qf6 Qd7 39. Bb2 Be4
40. Re1 Qd5 41. Rc1 Rd8 42. Qe7 Qd3 43. Bf6 Rb8 44. Be5 Qe3 45. Qc7 Re8 46. Rc4
Bb7 47. Bd4 Qd2 48. Be5 Rc8 49. Qd6 Qxd6 50. Bxd6 Rh8 51. Be5 Rh7 52. Rc7 Rxc7
53. Bxc7 Bc8 54. Bd8 Kb7 55. Kb2 Kc6 56. Kc3 Kd5 57. Kd3 Bf5+ 58. Ke3 Bb1 59.
a3 Bc2 60. b4 Kc4 61. Be7 a6 62. Kf3 Kb3 63. Kg3 Bd3 64. Kh4 Bf5 1/2-1/2

[Event "OGD Prinsenstad-toernooi - A groep"]
[Site "Delft"]
[Date "2012.04.08"]
[Round "6.3"]
[White "Kasparov, Sergey"]
[Black "Reinderman, Dimitri"]
[Result "1/2-1/2"]
[WhiteElo "2493"]
[BlackElo "2595"]
[PlyCount "33"]
[EventDate "2012.04.06"]
[EventType "swiss"]
[EventRounds "6"]
[EventCountry "NED"]
[Source "DSC"]
[SourceDate "2012.04.06"]

1. e4 e6 2. d4 d5 3. Nd2 Nf6 4. e5 Nfd7 5. Bd3 c5 6. c3 Nc6 7. Ne2 cxd4 8. cxd4
f6 9. exf6 Nxf6 10. Nf3 Bd6 11. O-O O-O 12. Bf4 Nh5 13. Bxd6 Qxd6 14. Qd2 Bd7
15. Qe3 Nf4 16. Nxf4 Rxf4 17. g3 1/2-1/2

[Event "OGD Prinsenstad-toernooi - A groep"]
[Site "Delft"]
[Date "2012.04.08"]
[Round "6.4"]
[White "Meng, Roger"]
[Black "Hovhanisian, Mher"]
[Result "0-1"]
[WhiteElo "2333"]
[BlackElo "2489"]
[PlyCount "86"]
[EventDate "2012.04.06"]
[EventType "swiss"]
[EventRounds "6"]
[EventCountry "NED"]
[Source "DSC"]
[SourceDate "2012.04.06"]

1. d4 d5 2. Nf3 Nf6 3. c4 c6 4. Nc3 a6 5. e3 b5 6. b3 Bg4 7. h3 Bxf3 8. Qxf3 e5
9. c5 Nbd7 10. Bb2 g6 11. O-O-O Bg7 12. g4 O-O 13. Ne2 Ne4 14. h4 exd4 15. exd4
Qf6 16. Nf4 Bh6 17. g5 Nxg5 18. hxg5 Bxg5 19. Qh3 Qxf4+ 20. Kb1 Nf6 21. Bc1 Qg4
22. Qxg4 Nxg4 23. Bxg5 Nxf2 24. Bh3 Nxd1 25. Rxd1 f5 26. Re1 Rae8 27. Re5 Rxe5
28. dxe5 Kf7 29. Kc2 Ke6 30. Bf6 Rxf6 31. exf6 Kxf6 32. Kd3 Ke5 33. b4 g5 34.
a3 h5 35. Bg2 g4 36. Bf1 h4 37. Ke3 h3 38. Kf2 f4 39. Bd3 g3+ 40. Kf3 h2 41.
Kg2 f3+ 42. Kh1 Kf4 43. a4 Ke3 0-1

[Event "OGD Prinsenstad-toernooi - A groep"]
[Site "Delft"]
[Date "2012.04.08"]
[Round "6.5"]
[White "Kranenburg, Leo"]
[Black "De Wit, Michel"]
[Result "0-1"]
[WhiteElo "2132"]
[BlackElo "2303"]
[PlyCount "68"]
[EventDate "2012.04.06"]
[EventType "swiss"]
[EventRounds "6"]
[EventCountry "NED"]
[Source "DSC"]
[SourceDate "2012.04.06"]

1. e4 e5 2. Nc3 d6 3. Bc4 Nf6 4. d3 Nc6 5. a3 Be6 6. Bxe6 fxe6 7. Nf3 Be7 8.
O-O O-O 9. Be3 d5 10. Bg5 h6 11. Bh4 d4 12. Ne2 Nh5 13. Bxe7 Qxe7 14. c3 Rad8
15. Rb1 Nf4 16. Nxf4 exf4 17. Ne1 Ne5 18. f3 dxc3 19. bxc3 Qxa3 20. Qc2 Qa6 21.
Rd1 Rf7 22. Rf2 Rfd7 23. Rfd2 c5 24. Qb1 b5 25. Rb2 Nc4 26. Ra2 Qc6 27. Qb3 Ne3
28. Rb1 c4 29. dxc4 bxc4 30. Qa4 Qxa4 31. Rxa4 Rd1 32. Raa1 Rxb1 33. Rxb1 Rd2
34. Ra1 Re2 0-1

[Event "OGD Prinsenstad-toernooi - A groep"]
[Site "Delft"]
[Date "2012.04.08"]
[Round "6.6"]
[White "Stolwijk, Colin"]
[Black "Kirana, Marco"]
[Result "1/2-1/2"]
[WhiteElo "1991"]
[BlackElo "2258"]
[Annotator "Prinsenstad-toernooi"]
[PlyCount "135"]
[EventDate "2012.04.06"]
[EventType "swiss"]
[EventRounds "6"]
[EventCountry "NED"]
[Source "DSC"]
[SourceDate "2012.04.06"]

1. e4 c6 2. d4 d5 3. Nd2 dxe4 4. Nxe4 Nd7 5. Nf3 Ngf6 6. Ng3 e6 7. Bd3 c5 8.
dxc5 Bxc5 9. O-O O-O 10. Qe2 Qc7 11. Ng5 b6 12. Nh5 Bb7 13. Ne4 Nxe4 14. Bxe4
Qe5 15. Ng3 Bxe4 16. Qxe4 Rac8 17. c3 {Met remiseaanbod.} Rfd8 18. Bf4 Qxe4 19.
Nxe4 e5 20. Nxc5 Nxc5 21. Bxe5 Nd3 22. Bd4 Nxb2 23. a4 Nc4 24. Rfe1 Kf8 25. g3
Nd2 26. Kg2 Nb3 27. Rab1 Nxd4 28. cxd4 Rxd4 29. a5 Rd6 30. axb6 axb6 31. Ra1
Rf6 32. Ra2 g5 33. h3 Kg7 34. Rb2 Rc5 35. Reb1 Rcf5 36. Kg1 h6 37. Rxb6 Rxf2
38. Rxf6 Rxf6 39. Kg2 Rc6 40. g4 Rc2+ 41. Kg3 Rc3+ 42. Kg2 h5 43. Rb2 h4 44.
Rb6 Rc2+ 45. Kg1 Kf8 46. Rb5 f6 47. Rb7 Ke8 48. Ra7 Rd2 49. Rb7 Rd7 50. Rb6 Ke7
51. Kg2 Rd2+ 52. Kg1 Rd6 53. Rb5 Ke6 54. Rf5 Rd5 55. Rf2 f5 56. gxf5+ Rxf5 57.
Ra2 Re5 58. Kg2 Kf5 59. Kf3 Rb5 60. Kg2 Rb3 61. Ra4 Rg3+ 62. Kh2 Re3 63. Rg4
Re4 64. Rg2 Re3 65. Rg4 Re2+ 66. Kg1 Re4 67. Rg2 Re3 68. Kh2 1/2-1/2

[Event "OGD Prinsenstad-toernooi - A groep"]
[Site "Delft"]
[Date "2012.04.09"]
[Round "6.8"]
[White "Schröer, Marcel"]
[Black "Kasparova, Tatiana"]
[Result "1-0"]
[WhiteElo "2088"]
[BlackElo "2184"]
[Annotator "Prinsenstad-toernooi"]
[PlyCount "87"]
[EventDate "2012.04.06"]
[EventType "swiss"]
[EventRounds "6"]
[EventCountry "NED"]
[Source "DSC"]
[SourceDate "2012.04.06"]

1. Nf3 Nf6 2. c4 c5 3. Nc3 b6 4. g3 Bb7 5. Bg2 e6 6. O-O Be7 7. Re1 O-O 8. e4
d6 9. d4 cxd4 10. Nxd4 a6 11. e5 dxe5 12. Bxb7 exd4 13. Bxa8 dxc3 14. Qxd8 Rxd8
15. bxc3 Nbd7 16. Bg2 Nc5 17. Be3 Ng4 18. Bd4 e5 19. h3 exd4 20. Rxe7 Kf8 21.
cxd4 Nd3 (21... Kxe7 22. dxc5 Ne5 23. cxb6 $18) 22. Re2 Ngxf2 23. Rxf2 Nxf2 24.
Kxf2 Rxd4 25. Bb7 Rxc4 26. Bxa6 Ra4 27. Bb5 Rb4 28. a4 Rb2+ 29. Kf3 Rb3+ 30.
Kf4 h6 31. Re1 g5+ 32. Kg4 h5+ 33. Kxg5 Rxg3+ 34. Kh4 Rg6 35. Kxh5 Kg7 36. Re4
Rh6+ 37. Kg4 Rg6+ 38. Kf3 Rh6 39. Kg3 f5 40. Rc4 Rg6+ 41. Kf4 Rh6 42. Rc7+ Kf8
43. Kxf5 Rxh3 44. Ke6 1-0

[Event "OGD Prinsenstad-toernooi - A groep"]
[Site "Delft"]
[Date "2012.04.08"]
[Round "6.9"]
[White "Van den Ouden, Lendert"]
[Black "Dijkhuis, Tycho"]
[Result "1/2-1/2"]
[WhiteElo "1979"]
[BlackElo "2123"]
[Annotator "Prinsenstad-toernooi"]
[PlyCount "92"]
[EventDate "2012.04.06"]
[EventType "swiss"]
[EventRounds "6"]
[EventCountry "NED"]
[Source "DSC"]
[SourceDate "2012.04.06"]

1. Nf3 Nf6 2. c4 g6 3. g3 Bg7 4. Bg2 d5 5. cxd5 Nxd5 6. d4 O-O 7. O-O Nb6 8.
Nc3 Nc6 9. e3 Re8 10. d5 Na5 11. Nd4 Bd7 12. b3 c6 13. Bb2 cxd5 14. Nxd5 Nxd5
15. Bxd5 Bh3 16. Bg2 Bxg2 17. Kxg2 Qd5+ 18. Kg1 Red8 19. Qe2 Rd7 20. Rfd1 Rad8
21. Rd2 Nc6 22. Rad1 Qa5 23. a4 Qb4 24. Qb5 Qxb5 25. axb5 Nxd4 26. Bxd4 Bxd4
27. Rxd4 Rxd4 28. Rxd4 Rxd4 29. exd4 e6 30. Kf1 Kf8 31. Ke2 Ke7 32. Kd3 {
Met remiseaanbod.} Kd6 33. Kc4 h5 34. f4 b6 35. Kd3 Kd5 36. Ke3 f6 37. h4 e5
38. fxe5 fxe5 39. dxe5 Kxe5 40. b4 Kf5 41. Kf3 g5 42. hxg5 Kxg5 43. Ke3 Kg4 44.
Kf2 Kg5 45. Ke3 Kf5 46. Kf3 Kg5 1/2-1/2

[Event "OGD Prinsenstad-toernooi - A groep"]
[Site "Delft"]
[Date "2012.04.08"]
[Round "6.11"]
[White "Hoeksema, Erik"]
[Black "Haver, Bas"]
[Result "1/2-1/2"]
[WhiteElo "2356"]
[BlackElo "1952"]
[PlyCount "42"]
[EventDate "2012.04.06"]
[EventType "swiss"]
[EventRounds "6"]
[EventCountry "NED"]
[Source "DSC"]
[SourceDate "2012.04.06"]

1. d4 d5 2. c4 e6 3. Nc3 c5 4. cxd5 exd5 5. Nf3 Nc6 6. g3 Nf6 7. Bg2 Be7 8. O-O
O-O 9. dxc5 Bxc5 10. Bf4 Bf5 11. Rc1 Rc8 12. a3 Re8 13. b4 Bb6 14. Na4 Bc7 15.
Bg5 h6 16. Bxf6 Qxf6 17. Nc5 b6 18. Na6 Be5 19. Nxe5 Qxe5 20. e3 Ne7 21. Qd2
Red8 1/2-1/2

[Event "OGD Prinsenstad-toernooi - B groep"]
[Site "Delft"]
[Date "2012.04.06"]
[Round "1.1"]
[White "Welling, Wouter"]
[Black "Roeleveld, Koos"]
[Result "1-0"]
[WhiteElo "1971"]
[BlackElo "1792"]
[PlyCount "55"]
[EventDate "2012.04.06"]
[EventType "swiss"]
[EventRounds "6"]
[EventCountry "NED"]
[Source "DSC"]
[SourceDate "2012.04.06"]

1. d4 d5 2. c4 c6 3. Nf3 Nf6 4. Nc3 e6 5. e3 Bd6 6. Bd3 Nbd7 7. O-O O-O 8. e4
dxe4 9. Nxe4 Nxe4 10. Bxe4 h6 11. b3 f5 12. Bc2 c5 13. Bb2 Qe7 14. Re1 b6 15.
Qe2 cxd4 16. Nxd4 Nc5 17. Nxf5 exf5 18. Qxe7 Bxe7 19. Rxe7 Rf7 20. Rae1 Bb7 21.
Rxf7 Kxf7 22. Bxf5 Rd8 23. Bc3 a5 24. f3 g6 25. Bc2 Rd6 26. Rd1 Rxd1+ 27. Bxd1
Nd3 28. Bd4 1-0

[Event "OGD Prinsenstad-toernooi - B groep"]
[Site "Delft"]
[Date "2012.04.06"]
[Round "1.3"]
[White "Daamen, Roland"]
[Black "Kunnen, Ruurd"]
[Result "1-0"]
[WhiteElo "1958"]
[BlackElo "1789"]
[Annotator "Prinsenstad-toernooi"]
[PlyCount "43"]
[EventDate "2012.04.06"]
[EventType "swiss"]
[EventRounds "6"]
[EventCountry "NED"]
[Source "DSC"]
[SourceDate "2012.04.06"]

1. e4 e5 2. Nf3 Nc6 3. Bb5 a6 4. Ba4 Nf6 5. O-O Be7 6. Re1 b5 7. Bb3 d6 8. c3
O-O 9. h3 Bb7 10. d4 Re8 11. Bg5 h6 12. Bh4 Na5 13. Bc2 exd4 14. cxd4 Nxe4 15.
Bxe4 Bxh4 16. Bxb7 Bxf2+ 17. Kxf2 Nxb7 18. Nc3 c5 19. Nd5 Rc8 20. Qd2 cxd4 21.
Rxe8+ Qxe8 22. Re1 {En opgegeven.} 1-0

[Event "OGD Prinsenstad-toernooi - B groep"]
[Site "Delft"]
[Date "2012.04.06"]
[Round "1.9"]
[White "De Waard, Remko"]
[Black "Tjioe, Patrick"]
[Result "0-1"]
[WhiteElo "1903"]
[BlackElo "1740"]
[Annotator "Prinsenstad-toernooi"]
[PlyCount "54"]
[EventDate "2012.04.06"]
[EventType "swiss"]
[EventRounds "6"]
[EventCountry "NED"]
[Source "DSC"]
[SourceDate "2012.04.06"]

1. e4 d6 2. d4 Nf6 3. Nc3 Nbd7 4. f4 e5 5. Nf3 exd4 6. Qxd4 c6 7. Bd2 d5 8.
exd5 Bc5 9. Qd3 O-O 10. O-O-O Bb6 11. dxc6 bxc6 12. h3 Qc7 13. Ng5 Nc5 14. Qf3
h6 15. Nge4 Ncxe4 16. Nxe4 Nxe4 17. Qxe4 Be6 18. f5 Bd5 19. Qg4 Qe5 20. Bxh6
Be3+ 21. Bxe3 Qxe3+ 22. Kb1 Rab8 23. b3 Bxb3 24. axb3 Rxb3+ 25. cxb3 Qxb3+ 26.
Kc1 Qc3+ 27. Kb1 Rb8+ (27... Rb8+ 28. Bb5 Rxb5+ 29. Qb4 Rxb4+ 30. Ka2 Qb2#) 0-1

[Event "OGD Prinsenstad-toernooi - B groep"]
[Site "Delft"]
[Date "2012.04.07"]
[Round "2.1"]
[White "Nobel, Corniel"]
[Black "Gerlagh, Joris"]
[Result "0-1"]
[WhiteElo "1805"]
[BlackElo "1825"]
[Annotator "Prinsenstad-toernooi"]
[PlyCount "86"]
[EventDate "2012.04.06"]
[EventType "swiss"]
[EventRounds "6"]
[EventCountry "NED"]
[Source "DSC"]
[SourceDate "2012.04.06"]

1. e4 c5 2. Nf3 Nc6 3. d4 cxd4 4. Nxd4 Nf6 5. Nc3 e6 6. Be2 Bb4 7. Bf3 O-O 8.
O-O Ne5 9. Bd2 b6 10. a3 Bc5 11. Bg5 h6 12. Bh4 Be7 13. Bg3 Nxf3+ 14. Nxf3 Bb7
15. Re1 Rc8 16. Bd6 Rc6 17. Bxe7 Qxe7 18. e5 Nh7 19. Nb5 Ng5 20. Nfd4 Rc5 21.
b4 Rcc8 22. Nd6 Bd5 $5 (22... Rb8 23. f4 Nh7 $16) 23. Nxc8 (23. f4 $5 Nh7 24.
Nxc8 $18) 23... Rxc8 24. f3 Rc4 25. Nb5 Rf4 26. Re3 f6 27. Nc7 Bc6 28. b5 $2 (
28. Qd6 Qf7 29. exf6 Qxf6 30. Rf1 $16) 28... Qc5 29. Qd3 Rd4 30. Qb3 Bb7 31.
exf6 $4 (31. Na6 Bxa6 32. bxa6 $14) 31... Qxc7 32. fxg7 Qf4 (32... Nh3+ $1 33.
Kh1 (33. gxh3 $2 Rd2 34. f4 Rg2+ 35. Kf1 Qxf4+ 36. Rf3 Bxf3 37. Qd3 Bb7+ 38.
Ke1 Qf2+ 39. Kd1 Qg1+ 40. Qf1 Qxf1#) 33... Nf2+ 34. Kg1 Nd1 $17) 33. Rae1 Rd2
34. R1e2 Rd4 35. Qc3 {Met remiseaanbod.} a6 36. bxa6 Bxa6 37. g3 Rd1+ 38. Kg2
Qf5 39. g4 Qf4 40. Rf2 Bb7 41. h3 $2 (41. Qb4 Qxb4 42. axb4 Kxg7 $15) 41... h5
(41... Nxh3 $1 42. Kxh3 Rh1+ 43. Kg2 Qh2#) 42. Qb3 h4 43. Qxb6 Qg3# 0-1